| 000 | 00764nam a2200277Ia 4500 | ||
|---|---|---|---|
| 008 | 160803s9999 xx 000 0 und d | ||
| 020 | _a0 590136941 | ||
| 100 | _aLester, Helen | ||
| 245 | 2 | _aA porcupine named Fluffy / | |
| 245 | _cHelen Lester ; illustrated by Lynn Munsinger. | ||
| 250 | _aTrumpet Club Special edition. | ||
| 260 | _aNew York : | ||
| 260 | _bScholastic Inc. | ||
| 260 | _c1986 | ||
| 300 | _a32 pages : | ||
| 300 | _bcolor illustrations ; | ||
| 300 | _c25 cm | ||
| 500 | _aOriginally published: Boston : Houghton Mifflin Company, c1986. | ||
| 650 | _aNames, Personal -- | ||
| 650 | _aPorcupines -- | ||
| 650 | _aRhinoceroses -- | ||
| 650 | _xFiction. | ||
| 650 | _xFiction. | ||
| 650 | _xFiction. | ||
| 700 | _a140 | ||
| 999 |
_c299068 _d299068 |
||